000 01653nam a2200505 i 4500
001 25124
003 KOSZ 005
005 20191003143440.0
008 000104s1996 pl a f |001 0 pol
015 _aPB 2000/4329
020 _a8302056499
035 _a991012320629705066
035 _a(PL-WaBN)b13335352-48omnis_nlop
035 _ab13335352
035 _a(OCoLC)749573399
035 _a(PL)b0000001333535
035 _a(EXLNZ-48OMNIS_NETWORK)9910000265805606
040 _aWA N
_cWA N
_dKOSZ 005/HR
041 0 _apol
046 _k1996
080 _a574
080 _a504
080 _a(075.3.053.7)
100 1 _aUmiński, Tomasz
_d(1931- )
_eAutor
245 1 0 _aEkologia, środowisko, przyroda :
_bpodręcznik dla szkół średnich /
_cTomasz Umiński.
250 _aWyd. 2.
260 _aWarszawa :
_bWydawnictwa Szkolne i Pedagogiczne,
_c1996.
300 _a415, [1] s. :
_bil. kolor., mapy ;
_c24 cm.
336 _2rdacontent
_aTekst
_btxt
337 _2rdamedia
_aBez urządzenia pośredniczącego
_bn
380 _aKsiążki
380 _aPublikacje dydaktyczne
385 _mPoziom nauczania
_aSzkoły średnie
388 _a1901-2000
388 _a1989-2000
504 _aBibliogr. - Indeks.
650 7 _aEdukacja ekologiczna
_2DBN
655 7 _aPodręczniki dla szkół średnich
_2DBN
658 _aEdukacja i pedagogika
658 _aOchrona środowiska
710 2 _aWydawnictwa Szkolne i Pedagogiczne
_4pbl
856 _uhttp://koha.tu.koszalin.pl/cgi-bin/koha/opac-detail.pl?biblionumber=25124
_yKatalog online BPK
942 _2UKD
_cKS
999 _c25124
_d25124